000 00443nam a2200181Ia 4500
001 15232
005 20260306165012.0
008 260306t2018||||xx |||||||||||||| ||spa||
041 _aESP
082 _a530.475
_bV45
100 _aVenerus, David C.
_eAUT
245 2 _aA modern course in transport phenomena
260 _c2018
300 _axxviii, 508 páginas :
_c25 cm.
650 _aGEN
654 _aCCN
942 _cLIB
_dJUS
_fJUS
_2ddc
_n
999 _c15232
_d15232